000 00245nam a2200097Ia 4500
008 230915s9999 xx 000 0 und d
050 _aLA 1501 .S54 1992
100 _aSifuna, D.M.
245 3 _aAN INTRODUCTION HISTORY OF EDUCATION
942 _cBK
999 _c166669
_d166669